Dutch Eredivisie and Eerste Divisie teams 2021-22 - Statistics

General Stats
  • This quiz has been taken 145 times
  • The average score is 30 of 38
Answer Stats
League Team % Correct
Eredivisie AFC Ajax
98%
Eredivisie Feyenoord Rotterdam
96%
Eredivisie PSV Eindhoven
95%
Eredivisie FC Groningen
92%
Eredivisie AZ Alkmaar
89%
Eredivisie SC Heerenveen
88%
Eredivisie FC Twente
87%
Eerste Divisie NAC Breda
87%
Eredivisie SBV Vitesse
86%
Eredivisie Sparta Rotterdam
86%
Eredivisie FC Utrecht
85%
Eredivisie NEC Nijmegen
85%
Eredivisie Heracles Almelo
84%
Eerste Divisie ADO Den Haag
82%
Eredivisie PEC Zwolle
80%
Eredivisie SC Cambuur-Leeuwarden
79%
Eerste Divisie Jong Ajax
78%
Eredivisie RKC Waalwijk
78%
Eerste Divisie VVV-Venlo
78%
Eredivisie Fortuna Sittard
76%
Eerste Divisie Jong PSV
76%
Eerste Divisie SBV Excelsior
76%
Eredivisie Willem II
76%
Eerste Divisie FC Den Bosch
75%
Eredivisie Go Ahead Eagles
75%
Eerste Divisie Roda JC Kerkrade
75%
Eerste Divisie FC Emmen
74%
Eerste Divisie FC Volendam
74%
Eerste Divisie Jong AZ
72%
Eerste Divisie Jong FC Utrecht
72%
Eerste Divisie SC Telstar
69%
Eerste Divisie FC Eindhoven
68%
Eerste Divisie MVV Maastricht
68%
Eerste Divisie TOP Oss
68%
Eerste Divisie Almere City FC
66%
Eerste Divisie De Graafschap
65%
Eerste Divisie FC Dordrecht
61%
Eerste Divisie Helmond Sport
60%
No matching quizzes found
Score Distribution
Percent of People with Each Score
Percentile by Number Answered
Your Score History
You have not taken this quiz